[Event "28th WSCC Women 65 2018"]
[Site "Bled"]
[Date "2018.11.27"]
[Round "9"]
[White "Kozlovskaya, Valentina"]
[Black "Khmiadashvili, Tamar"]
[Result "0-1"]
[WhiteElo "2154"]
[BlackElo "2010"]
[Annotator "TA"]
[PlyCount "90"]
[EventDate "2018.11.17"]
[EventType "swiss"]
[EventCountry "SLO"]
[SourceTitle "playchess.com"]
[Source "ChessBase"]
[SourceQuality "1"]

{[%evp 14,90,39,37,84,64,69,69,69,59,83,67,69,68,120,104,144,127,284,142,141,130,234,236,224,231,228,221,225,124,137,65,89,72,71,85,45,11,12,0,0,0,0,0,0,0,0,-24,0,-61,-35,-141,-123,-156,-45,-54,-57,-269,-278,-264,-264,-257,-123,-143,-142,-994,-991,-914,-937,-929,-818,-1525,-1508,-5497,-609,-29993,-29994,-29994,-29995]} 1. c4 e5 2. Nc3 Nc6 3. g3 d6 4. Bg2 f5 5. d3 Nf6 6. e3 Be7 7. Nge2 O-O 8. O-O {LiveBook: 27 Games} g5 {A21: English Opening: 1...e5 2 Nc3} (8... Qe8 9. Bd2 Kh8 10. Rc1 Nd8 11. Nd5 Nxd5 12. cxd5 c6 13. b4 Bd7 14. Nc3 Rc8 15. Qa4 c5 16. Qxa7 cxb4 {1-0 (42) Cruz,J (2438)-Movsziszian,K (2484) Barcelona 2015}) 9. Nd5 $146 ({Predecessor:} 9. f4 exf4 10. gxf4 Ng4 11. h3 Nh6 12. fxg5 Bxg5 13. Nf4 Bxf4 14. exf4 Ne7 15. Qh5 Rf6 16. Bd2 Be6 17. Rae1 Qf8 18. Nb5 Bf7 19. Qg5+ Bg6 20. Nxc7 Rc8 21. Nd5 Nxd5 22. Bxd5+ Kh8 23. Bc3 {1-0 (23) Pappelis,D (2080)-Papadopoulos,N (2188) Thessaloniki 2014}) 9... Nxd5 10. cxd5 Nb8 {White is slightly better.} 11. f4 Nd7 12. Bd2 gxf4 13. exf4 Qe8 (13... c5 $14) 14. Rc1 Qg6 15. Kh1 Nc5 $2 (15... Nf6 $16 16. Qb3 (16. Rxc7 Bd8 $16) 16... e4) 16. Be3 (16. fxe5 $18 {aiming for e6.} dxe5 17. d4 exd4 18. Bb4 (18. Nxd4 Bd6 $16)) 16... e4 $16 17. Bxc5 exd3 (17... dxc5 $16 18. dxe4 fxe4) 18. Bd4 $18 ({Not} 18. Qxd3 dxc5 19. Ng1 Qb6 $16) 18... dxe2 19. Qxe2 Bd8 20. Bf3 Re8 21. Qf2 (21. Qd1 $18 {Hoping for Bh5.} Re7 22. Bc3) 21... Bd7 $16 22. Bc3 (22. Qd2 $16) 22... c5 $14 23. dxc6 $1 Bxc6 24. Bxc6 bxc6 25. Qf3 Re4 26. Rg1 {Black must now prevent g4.} h5 27. Rg2 Bb6 28. h3 Kf7 29. Bd2 d5 30. a4 Rae8 31. Qb3 (31. b4 $11) 31... Re2 $15 32. Rxe2 (32. Qf3 $15 Rxd2 33. Rxd2) 32... Rxe2 $17 33. Qd3 {[#]} Re4 ({Black should play} 33... Qe6 $1 $17 34. a5 Bf2 35. Rxc6 Qe4+ 36. Qxe4 fxe4) 34. a5 $15 Bf2 {Threatens to win with ...h4.} 35. Rc3 $2 (35. Qb3 $15) 35... h4 $19 {[%cal Bh5h4,Bh4g3][%mdl 32]} 36. Qa6 hxg3 37. Kg2 {[#]} Re6 (37... c5 $1 $19 {and Black stays clearly on top.} 38. Qxa7+ Re7) 38. Rb3 Re7 $40 {[%mdl 128] ...Qe6 is the strong threat. Black has strong attack.} 39. Rb7 $2 {[%mdl 8192]} (39. Qc8 $17) 39... Qe6 {( -> ...Qe4+)} 40. Rxe7+ Kxe7 41. Qd3 Kf7 42. a6 Kg6 43. Qc3 d4 (43... Qe2 $142 44. Qf3 Qxd2) 44. Qc5 {and the idea Qe5 leaves White hopeful.} Qe4+ 45. Kf1 d3 {Precision: White = 30%, Black = 44%.} 0-1

[Event "28th WSCC Women 65 2018"]
[Site "Bled"]
[Date "2018.11.27"]
[Round "9"]
[White "Dotan, Valeria"]
[Black "Fatalibekova, Elena"]
[Result "1/2-1/2"]
[WhiteElo "1883"]
[BlackElo "2161"]
[Annotator "NA"]
[PlyCount "41"]
[EventDate "2018.11.17"]
[EventType "swiss"]
[EventCountry "SLO"]
[SourceTitle "playchess.com"]
[Source "ChessBase"]
[SourceQuality "1"]
[TimeControl "40/5400+30:1800+30"]

1. d4 {[%emt 0:00:00]} Nf6 {[%emt 0:00:00]} 2. Nf3 {[%emt 0:00:00]} e6 {[%emt 0:01:25]} 3. Bg5 {[%emt 0:01:26]} Be7 {[%emt 0:01:27]} 4. e3 {[%emt 0:00:19]} b6 {[%emt 0:00:52]} 5. Nbd2 {[%emt 0:00:38]} Bb7 {[%emt 0:00:13]} 6. Bd3 {[%emt 0:00:55]} O-O {[%emt 0:02:42]} 7. h3 {[%emt 0:01:16]} c5 {[%emt 0:01:34]} 8. c3 {[%emt 0:03:44]} d6 {[%emt 0:03:10]} 9. O-O {[%emt 0:02:24]} Nbd7 {[%emt 0:00:12]} 10. Qe2 {[%emt 0:01:31]} e5 {[%emt 0:04:56]} 11. dxe5 {[%emt 0:04:11]} dxe5 {[%emt 0:00:13]} 12. Bxf6 {[%emt 0:03:18]} Bxf6 {[%emt 0:01:24]} 13. Be4 {[%emt 0:06:14]} Qc7 {[%emt 0:00:20]} 14. Rfd1 {[%emt 0:00:44]} g6 {[%emt 0:09:39]} 15. a4 {[%emt 0:12:20]} Bc6 {[%emt 0:02:19]} 16. Bxc6 {[%emt 0:00:47]} Qxc6 {[%emt 0:00:01]} 17. Qc4 {[%emt 0:01:47]} Be7 {[%emt 0:21:25]} 18. Qb5 {[%emt 0:05:29]} Qe6 {[%emt 0:04:16]} 19. Qc4 {[%emt 0:05:33]} Qc6 {[%emt 0:02:39]} 20. Qb5 {[%emt 0:07:18]} Qe6 {[%emt 0:05:56]} 21. Qc4 1/2-1/2

[Event "28th WSCC Women 65 2018"]
[Site "Bled"]
[Date "2018.11.27"]
[Round "9"]
[White "Norman, Dinah M"]
[Black "Tsifanskaya, Ludmila A"]
[Result "0-1"]
[WhiteElo "1659"]
[BlackElo "1996"]
[Annotator "NA"]
[PlyCount "82"]
[EventDate "2018.11.17"]
[EventType "swiss"]
[EventCountry "SLO"]
[SourceTitle "playchess.com"]
[Source "ChessBase"]
[SourceQuality "1"]
[TimeControl "40/5400+30:1800+30"]

1. d4 {[%emt 0:00:00]} Nf6 {[%emt 0:00:00]} 2. Nf3 {[%emt 0:00:08]} d5 {[%emt 0:00:05]} 3. e3 {[%emt 0:00:35]} e6 {[%emt 0:00:46]} 4. c4 {[%emt 0:01:05]} dxc4 {[%emt 0:00:55]} 5. Bxc4 {[%emt 0:00:35]} a6 {[%emt 0:00:40]} 6. Nc3 {[%emt 0:03:15]} c5 {[%emt 0:01:47]} 7. dxc5 {[%emt 0:06:27]} Qxd1+ {[%emt 0:06:03]} 8. Kxd1 {[%emt 0:04:27]} Bxc5 {[%emt 0:01:26]} 9. a3 {[%emt 0:00:59]} b5 {[%emt 0:01:16] D26: Queen's Gambit Accepted: 4 e3 e6 5 Bxc5 c5 sidelines} 10. Be2 {[%emt 0:10:26]} (10. Bd3 Bb7 11. Ke2 Nbd7 12. b4 Bd6 13. Bb2 Ke7 14. Rac1 Rac8 15. Nb1 g5 16. h3 h5 17. Rxc8 Rxc8 18. Nxg5 Bxg2 {½-½ (40) Vernersson,P (2290)-Hillarp Persson,T (2543) Vaxjo 2018}) 10... Bb7 {[%emt 0:01:32]} 11. b4 {[%emt 0:02:09]} Be7 {[%emt 0:01:57]} 12. Bb2 {[%emt 0:01:17]} O-O {[%emt 0:01:13]} 13. Ke1 {[%emt 0:03:45]} Nbd7 $146 {[%emt 0:01:38]} ({Predecessor:} 13... Rd8 14. Bd1 Nbd7 15. Rg1 Rac8 16. Rc1 Nb6 17. Nd2 {0-1 (39) Hosch,W-Comp XBP Chicago 1994}) 14. Rd1 {[%emt 0:02:01]} Nb6 {[%emt 0:03:31]} 15. Rg1 {[%emt 0:05:03]} Rfd8 {[%emt 0:08:28]} 16. Rxd8+ {[%emt 0:03:42]} Rxd8 {[%emt 0:05:34]} 17. Nd4 {[%emt 0:01:04]} Nfd5 {[%emt 0:04:03]} 18. Nxd5 {[%emt 0:01:55]} Bxd5 {[%emt 0:00:59]} 19. f4 {[%emt 0:07:10]} Bf6 {[%emt 0:04:17]} 20. Kf2 {[%emt 0:02:19]} Rc8 {[%emt 0:08:27]} 21. Rc1 {[%emt 0:05:27]} Rxc1 {[%emt 0:00:37]} 22. Bxc1 {[%emt 0:00:07]} e5 {[%emt 0:00:46]} 23. Nf3 {[%emt 0:04:33]} exf4 {[%emt 0:00:31]} 24. exf4 {[%emt 0:00:21]} Bc3 {[%emt 0:01:42]} 25. g3 {[%emt 0:04:48]} f6 {[%emt 0:05:07]} 26. Bd3 {[%emt 0:06:44]} Nc4 {[%emt 0:01:16]} 27. Be2 {[%emt 0:04:05]} Kf7 {[%emt 0:03:05]} 28. h4 {[%emt 0:01:14]} Be6 {[%emt 0:03:06]} 29. Bd3 {[%emt 0:00:49]} g6 {[%emt 0:01:03]} 30. Be2 {[%emt 0:00:59]} Ke7 {[%emt 0:01:01]} 31. Bd3 {[%emt 0:00:43]} Kd6 {[%emt 0:01:53]} 32. Be2 {[%emt 0:01:26]} Kd5 {[%emt 0:01:52]} 33. Bd3 {[%emt 0:00:49]} a5 {[%emt 0:02:59]} 34. bxa5 {[%emt 0:00:51]} Bxa5 {[%emt 0:00:05]} 35. h5 {[%emt 0:01:51]} Bb6+ {[%emt 0:01:22]} 36. Ke2 {[%emt 0:01:24]} gxh5 $17 {[%emt 0:00:16]} 37. Bxh7 {[%emt 0:00:55]} Bg4 {[%emt 0:01:15]} 38. Bd3 {[%emt 0:02:09]} Bc5 {[%emt 0:01:03]} 39. f5 {[%emt 0:06:50]} Ne5 {[%emt 0:00:34]} 40. Bxb5 {[%emt 0:00:00]} Nxf3 {[%emt 0:00:00]} 41. Kd3 {[%emt 0:01:31]} Bxf5+ {[%emt 0:01:31]} 0-1

[Event "28th WSCC Women 65 2018"]
[Site "Bled"]
[Date "2018.11.28"]
[Round "10"]
[White "Kozlovskaya, Valentina"]
[Black "Dotan, Valeria"]
[Result "1-0"]
[WhiteElo "2154"]
[BlackElo "1883"]
[Annotator "NA RC"]
[PlyCount "103"]
[EventDate "2018.11.17"]
[EventType "swiss"]
[EventCountry "SLO"]
[SourceTitle "playchess.com"]
[Source "ChessBase"]
[SourceQuality "1"]
[TimeControl "40/5400+30:1800+30"]

1. c4 e5 2. Nc3 Nc6 3. g3 d6 4. Bg2 g6 5. d3 Bg7 6. Nf3 {LiveBook: 371 Games} Nge7 7. O-O Nd4 {A26: English Opening vs King's Indian with ...Nc6 and d3} 8. Ne1 $146 ({Predecessor:} 8. Bg5 Ne6 9. Bxe7 Qxe7 10. Rb1 O-O 11. Nd2 h5 12. Nd5 Qd8 13. b4 c6 14. Ne3 {0-1 (49) Liu,C (2262)-Zhang,P (2591) Beijing 2012}) 8... a5 9. e3 Ne6 10. Bd2 O-O 11. Rb1 c6 12. Ne2 d5 13. b3 c5 14. Nc3 Nc7 15. Na4 Qd6 16. Qc2 (16. Rc1 $14) 16... b6 17. Nc3 Bb7 18. e4 d4 19. Nd5 Nexd5 20. exd5 b5 21. f4 f6 22. Nf3 b4 23. fxe5 fxe5 24. Ng5 Rab8 25. Ne4 Qb6 26. Bh3 Bc8 27. Rxf8+ Kxf8 28. Bxc8 Rxc8 29. Bg5 Kg8 30. Rf1 Ne8 31. Be7 Rc7 32. d6 Rxe7 33. dxe7 Qc7 34. Qe2 Qxe7 35. Qg4 Nd6 36. Nxd6 Qxd6 37. Qc8+ Bf8 38. Qe8 Qe7 39. Qxe7 Bxe7 40. Kg2 Kg7 41. Kf3 Kf6 42. Ke4+ Ke6 43. h4 h5 44. Rg1 Bf6 45. g4 Bxh4 46. gxh5 gxh5 47. Rh1 Bg3 48. Rxh5 Kd6 49. Rh6+ Kc7 50. Kd5 Kb7 51. Re6 $18 e4 52. Rxe4 1-0

[Event "28th WSCC Women 65 2018"]
[Site "Bled"]
[Date "2018.11.28"]
[Round "10"]
[White "Khmiadashvili, Tamar"]
[Black "Tsifanskaya, Ludmila A"]
[Result "1/2-1/2"]
[WhiteElo "2010"]
[BlackElo "1996"]
[Annotator "NA RC"]
[PlyCount "124"]
[EventDate "2018.11.17"]
[EventType "swiss"]
[EventCountry "SLO"]
[SourceTitle "playchess.com"]
[Source "ChessBase"]
[SourceQuality "1"]
[TimeControl "40/5400+30:1800+30"]

1. f4 c5 2. Nf3 Nc6 3. b3 d5 4. g3 Nf6 5. Bb2 e6 6. Bg2 Be7 7. O-O O-O {LiveBook: 5 Games} 8. e3 {A03: Bird's Opening with 1...d5} Rb8 $146 ({Predecessor:} 8... d4 9. Qe2 Nb4 10. Ne1 dxe3 11. dxe3 Qc7 12. Nc3 Bd7 13. a3 Nbd5 14. Nd1 b5 15. g4 c4 {0-1 (39) Marin,M (2543)-Jakovenko,D (2662) playchess.com INT 2006}) 9. Ne5 Nxe5 10. fxe5 Ne8 11. c4 b5 12. cxb5 Rxb5 13. Rf4 Rb8 14. Bf1 Bg5 15. Ra4 Bb7 16. h4 Be7 17. Rf4 d4 18. Bd3 Qd5 19. Be4 Qxe5 20. exd4 cxd4 21. Bxb7 Rxb7 22. Bxd4 Bc5 23. Bxc5 Qxc5+ 24. d4 Qd6 25. Nd2 Nf6 26. Nc4 Qe7 27. Qe2 Nd5 28. Rf3 Nf6 29. Rd1 Rd7 30. Rfd3 Qd8 31. Qf3 Qa8 32. Qxa8 Rxa8 33. Kg2 Nd5 34. Kf3 Rc8 35. g4 h6 36. g5 hxg5 37. hxg5 g6 38. Ne5 Rdc7 39. Nc4 Kg7 40. Rh1 Rh8 41. Rxh8 Kxh8 42. Ke4 Kg7 43. Ke5 Rd7 44. a3 Ne7 45. Ke4 Rd5 46. Ne5 Nf5 47. b4 Nd6+ 48. Kf4 f6 49. gxf6+ Kxf6 50. Ng4+ Ke7 51. Ne3 {[#]} (51. Ne5 $11 {keeps the balance.}) 51... e5+ $1 {Double Attack} 52. Kg5 Rxd4 53. Rb3 Ke6 54. Kxg6 Nc4 55. Nxc4 Rxc4 56. a4 Rg4+ 57. Kh5 Rg7 $2 (57... Rg8 $19 {has better winning chances.} 58. Kh4 e4) 58. b5 e4 59. a5 Kd5 $11 (59... Kf5 $19 {[%cal Rg7h7]} 60. Kh6 Re7) 60. b6 axb6 61. axb6 Kc6 62. Rb4 Kd5 1/2-1/2

[Event "28th WSCC Women 65 2018"]
[Site "Bled"]
[Date "2018.11.28"]
[Round "10"]
[White "Serjmyadag, Damdin"]
[Black "Titorenko, Natalia I"]
[Result "0-1"]
[WhiteElo "1864"]
[BlackElo "2158"]
[Annotator "NA"]
[PlyCount "46"]
[EventDate "2018.11.17"]
[EventType "swiss"]
[EventCountry "SLO"]
[SourceTitle "playchess.com"]
[Source "ChessBase"]
[SourceQuality "1"]
[TimeControl "40/5400+30:1800+30"]

{[%evp 9,45,0,0,32767,-10,-14,3,0,32767,-87,-44,-51,32767,-183,-175,32767,-209,32767,-367,32767,32767,32767,32767,32767,32767,-847,-1147,32767,32767,32767,32767,-808,32767,-1095,-1299,-1874,-1972,-29997]} 1. e4 c5 2. Nf3 Nf6 3. d3 d6 4. Nc3 g6 5. Be3 {B50: Sicilian: 2...d6, Miscellaneous} (5. Be2 Bg7 6. O-O Nc6 7. Bd2 O-O 8. Qc1 d5 9. exd5 Nxd5 10. Nxd5 Qxd5 11. Bh6 b6 12. Bxg7 Kxg7 13. Ne1 Bb7 {0-1 (52) Lima,J (1890)-Mecking,H (2602) Rio de Janeiro 2017}) 5... Bg7 6. Be2 Nc6 7. h3 O-O 8. Qd2 Re8 9. O-O-O $146 ({Predecessor:} 9. O-O $11 Rb8 10. a4 b6 11. Rab1 Bb7 12. Nh2 d5 13. exd5 Nxd5 14. Nxd5 Qxd5 15. Bf3 Qd7 16. Qe2 Nd4 17. Bxd4 cxd4 18. Bxb7 Rxb7 19. b3 {½-½ (19) Hossain,M (2101)-Hossain,M (2184) Dhaka 2014}) 9... Qa5 10. Kb1 b5 11. g4 (11. Nd5 $17 b4 12. Nxf6+ Bxf6 13. d4) 11... b4 12. Nd5 Be6 13. c4 bxc3 $1 14. Nxc3 Rab8 15. Rc1 Nd7 16. d4 cxd4 17. Nxd4 Nxd4 18. Bxd4 Bxa2+ 19. Kc2 Rxb2+ 20. Kxb2 Rb8+ 21. Kc2 Bb3+ 22. Kd3 Bxd4 23. Nd5 Ne5+ 0-1

[Event "28th WSCC Women 65 2018"]
[Site "Bled"]
[Date "2018.11.28"]
[Round "10"]
[White "Ristoja, Aulikki"]
[Black "Sorokina, Tamara"]
[Result "0-1"]
[WhiteElo "1505"]
[BlackElo "2058"]
[Annotator "NA RC"]
[PlyCount "104"]
[EventDate "2018.11.17"]
[EventType "swiss"]
[EventCountry "SLO"]
[SourceTitle "playchess.com"]
[Source "ChessBase"]
[SourceQuality "1"]
[TimeControl "40/5400+30:1800+30"]

1. d4 Nf6 2. Bf4 d6 3. e3 c5 4. dxc5 Qa5+ 5. c3 Qxc5 6. Nd2 Nc6 7. Nb3 Qb6 8. h3 g6 9. Nf3 Bg7 10. Be2 O-O 11. g4 (11. Bh2 $11 {keeps the balance.}) 11... a5 12. Qc2 a4 13. Nbd2 Be6 14. Ng5 Bd7 15. Nc4 Qc7 16. Bg3 (16. Na3 $17) 16... b5 17. Nd2 Rab8 18. O-O h6 19. Nge4 Nxe4 20. Nxe4 f5 21. Nd2 e5 22. Rad1 Be6 23. b3 axb3 24. axb3 Ne7 25. Rc1 Qd7 26. c4 bxc4 27. Nxc4 f4 28. Bh2 d5 29. Nd2 Rfc8 30. Qb1 g5 31. Rfd1 Rxc1 32. Rxc1 Qa7 33. exf4 gxf4 34. Kf1 Qb6 (34... Qa5 $19 35. Qd3 Ra8) 35. Bg1 (35. f3 $17 {might work better.}) 35... e4 36. Nxe4 dxe4 37. Qxe4 Nd5 38. Bc4 Rd8 39. f3 Qd6 40. Re1 Bf7 41. Qb1 $2 (41. Bf2 $17) 41... Ne3+ 42. Bxe3 Bxc4+ 43. bxc4 fxe3 44. Rxe3 Qh2 45. Qb3 Qxh3+ 46. Ke2 Qg2+ 47. Ke1 Qd2+ 48. Kf1 Qd4 49. Ke2 Qd2+ 50. Kf1 Ra8 51. Re1 Bd4 52. Re2 Ra1+ 0-1

[Event "28th WSCC Women 65 2018"]
[Site "Bled"]
[Date "2018.11.29"]
[Round "11"]
[White "Gaprindashvili, Nona"]
[Black "Norman, Dinah M"]
[Result "1-0"]
[WhiteElo "2301"]
[BlackElo "1659"]
[Annotator "TA"]
[PlyCount "147"]
[EventDate "2018.11.17"]
[EventType "swiss"]
[EventCountry "SLO"]
[SourceTitle "playchess.com"]
[Source "ChessBase"]
[SourceQuality "1"]

{[%evp 22,147,39,29,37,37,29,22,34,32,31,28,60,62,65,73,143,64,129,129,125,147,147,101,109,108,97,100,101,102,129,100,155,125,110,117,114,123,111,116,109,14,48,41,109,41,41,40,85,55,124,74,147,131,148,136,159,109,164,169,206,213,201,165,212,193,193,200,244,214,200,197,191,197,192,172,165,167,183,186,243,180,350,322,347,335,311,135,135,136,118,37,282,167,574,570,515,540,525,536,529,531,535,531,556,557,545,544,568,534,1349,1363,1284,1276,1210,0,1003,1004,922,889,5887,4870,29980,29983,29983,29984,29987,29988]} 1. d4 d5 2. c4 e6 3. Nf3 Nf6 4. Nc3 c6 5. e3 Nbd7 6. b3 Be7 7. Bd3 b6 8. O-O Bb7 9. Bb2 O-O 10. Qe2 c5 11. cxd5 exd5 {D46: Semi-Slav: 5 e3 Nbd7 6 Bd3, Black avoids the Meran} 12. Ba6 {LiveBook: 4 Games} Bxa6 $146 ({Predecessor:} 12... Qc8 13. Bxb7 Qxb7 14. Rfd1 Rfd8 15. Rac1 a6 16. Qd3 Rac8 17. dxc5 Nxc5 18. Qf5 {1-0 (37) Rozum,I (2600)-Nordenbaek,J (2185) Bangkok 2017}) 13. Qxa6 Qc8 {White is slightly better.} 14. Qxc8 Raxc8 15. Rfd1 c4 16. bxc4 Rxc4 17. Ne5 {[%cal Bf3e5,Be5c6,Bc6e7][%mdl 32]} Rc7 18. Rac1 Rb7 (18... Nb8 $142) 19. Nb5 (19. Nc6 $16 Re8 20. Nxe7+ Rxe7 21. Ba3) 19... a6 ({Black should play} 19... Nb8 $1 $14) 20. Nc6 $1 $16 {[%cal Rc6e7]} axb5 21. Nxe7+ Kh8 22. Nc8 b4 23. a3 Rb8 24. Nd6 bxa3 25. Bxa3 Kg8 26. Rc7 g6 (26... Ra8 $142) 27. f3 Ra8 28. Rd3 Ra4 29. e4 dxe4 30. fxe4 {Black must now prevent e5.} Rfa8 31. Rcc3 (31. Bb2 $16) 31... Ne8 32. e5 Nf8 (32... Ng7 $14) 33. Nb5 ({White should try} 33. Nc8 $16 Nd7 34. Ne7+ Kg7 35. h3) 33... R4a5 34. Rb3 Nd7 35. Rdc3 Ra4 ({Better is} 35... Nf8 $14) 36. Kf2 Kg7 (36... h5 $142) 37. Ke3 Kg8 38. g4 h6 39. h4 Kg7 (39... Nf8 $16 40. Be7 h5) 40. Rc6 $18 R4a5 41. Bb2 Kg8 42. Rb4 Ra2 43. h5 gxh5 44. gxh5 Kh7 45. Nc3 R2a5 46. Ke4 Ng7 {[#]} 47. Rd6 $1 {[%cal Rd6d7]} Nf8 48. Rbxb6 Nfe6 49. Rdc6 Nxh5 50. d5 Ng5+ (50... Nc5+ $142 51. Kd4 Na4) 51. Ke3 Ng7 $2 (51... f6 52. e6 (52. exf6 Re8+ 53. Kd3 Nf7 $16) 52... Kg6) 52. Rxh6+ Kg8 53. Kf4 Nh7 54. Rhc6 (54. Rb7 $18 {is more deadly.}) 54... Nf8 $16 55. Rb7 $36 {[%mdl 2048] Kf3 is the strong threat. Black is under strong pressure.} Ng6+ {[#]} 56. Ke4 (56. Rxg6 $1 $16 fxg6 57. Kg5) 56... Nf8 $2 (56... Re8 $14) 57. Rcc7 (57. Rcb6 $142) 57... Nh7 $2 (57... Nge6) 58. Bc1 $18 Rf8 59. Bh6 Ra1 60. Kd3 Rh1 61. Bxg7 Kxg7 62. e6 Ng5 63. e7 Re8 64. d6 Rh3+ 65. Kc4 Ne6 66. Nd5 Rh4+ 67. Kc3 Rh3+ 68. Kc4 Rh4+ 69. Kb3 Rh3+ 70. Kb4 Nxc7 71. Nxc7 Rh4+ 72. Kc5 {White mates.} Rh5+ 73. Kc6 Reh8 74. e8=Q {Accuracy: White = 55%, Black = 29%.} 1-0

[Event "28th WSCC Women 65 2018"]
[Site "Bled"]
[Date "2018.11.29"]
[Round "11"]
[White "Titorenko, Natalia I"]
[Black "Bujinlkham, Purevdorj"]
[Result "1-0"]
[WhiteElo "2158"]
[BlackElo "1848"]
[Annotator "NA RC"]
[PlyCount "95"]
[EventDate "2018.11.17"]
[EventType "swiss"]
[EventCountry "SLO"]
[SourceTitle "playchess.com"]
[Source "ChessBase"]
[SourceQuality "1"]
[TimeControl "40/5400+30:1800+30"]

{[%evp 11,87,12,32767,32767,32767,32767,32767,-60,-33,-94,67,32767,83,32767,32767,145,171,32767,32767,32767,32767,231,32767,32767,32767,183,186,157,206,197,233,191,272,203,306,323,330,300,32767,32767,310,342,381,241,32767,409,532,32767,32767,657,1698,1776,32767,2354,32767,32767,32767,32767,32767,32767,32767,32767,32767,409,32767,509,32767,32767,32767,32767,32767,32767,532,541,609,578,522,558]} 1. e4 c5 2. Nf3 d6 3. d4 cxd4 4. Nxd4 Nf6 5. Nc3 a6 6. Nb3 b5 {B90: Sicilian Najdorf: Unusual White 6th moves, 6 Be3 Ng4 and 6 Be3 e5} (6... e5 7. Bg5 Be6 8. f4 exf4 9. Qd2 Be7 10. O-O-O Bxb3 11. cxb3 Nc6 12. Bxf4 O-O 13. Bxd6 Bxd6 14. Qxd6 Qa5 15. Be2 {½-½ (76) Kryvoruchko,Y (2695)-Abdusattorov,N (2558) Batumi 2018}) 7. Be3 Nbd7 8. f3 Bb7 9. a4 $146 ({Predecessor:} 9. Qd2 e6 10. O-O-O Qc7 11. Bf4 e5 12. Be3 Nb6 13. Bxb6 Qxb6 14. Kb1 b4 15. Na4 {½-½ (46) Radzivonas,A-Jansonas,G (1570) Panevezys 2011}) 9... b4 10. Na2 a5 $2 (10... d5 $17 11. e5 (11. Nxb4 e6 $15) 11... Nxe5) 11. c3 bxc3 12. Nxc3 g6 13. Bb5 Bg7 14. e5 dxe5 15. Nc5 Bc8 16. Qd2 O-O 17. Rd1 Ra7 (17... Rb8 $142 18. Bxd7 Bxd7) 18. Ne6 (18. N3e4 $142) 18... fxe6 19. Bxa7 Qc7 20. Bf2 Nb6 21. O-O Nbd5 22. Ne4 Ne8 23. Rc1 Qd8 24. Bc6 Nef6 25. Rc5 Nxe4 26. fxe4 Nb4 27. Rd1 Qb6 (27... Qxd2 $142 28. Rxd2 Nxc6) 28. Bb5 Qb7 29. Rdc1 h5 30. Rc7 Qa8 31. Qg5 Kh7 32. Qxe7 (32. Rxe7 $142 Qxe4 33. Rcc7 Rg8 34. Qf6 Bd7 35. Rexd7 Kh6 36. Rxg7 Rxg7 37. Qxg7+ Kg5 38. h4+ {[%mdl 64] Overworked Piece} Qxh4 39. Qxe5+ {[%mdl 64] Double Attack} Kh6 40. Bxh4 Nd5 41. Qh8#) 32... Rg8 33. Re1 (33. Be3 $142 Qxe4 34. Qg5 Qxe3+ 35. Qxe3) 33... Ba6 34. Ra7 Qc8 35. Bxa6 Nxa6 36. b3 Nb4 37. Qc7 Qxc7 38. Rxc7 Nd3 39. Rd1 Nxf2 40. Kxf2 Kh6 41. Ra7 Rb8 42. Rd3 Rb4 43. Rxa5 Rxe4 44. Rb5 $18 Bf8 45. a5 Ba3 46. a6 Rf4+ 47. Ke2 Rf8 48. a7 1-0

[Event "28th WSCC Women 65 2018"]
[Site "Bled"]
[Date "2018.11.29"]
[Round "11"]
[White "Sorokina, Tamara"]
[Black "Khmiadashvili, Tamar"]
[Result "1-0"]
[WhiteElo "2058"]
[BlackElo "2010"]
[Annotator "NA RC"]
[PlyCount "82"]
[EventDate "2018.11.17"]
[EventType "swiss"]
[EventCountry "SLO"]
[SourceTitle "playchess.com"]
[Source "ChessBase"]
[SourceQuality "1"]
[TimeControl "40/5400+30:1800+30"]

1. d4 c6 2. Nf3 d5 3. e3 Bg4 4. Be2 Nd7 5. Nbd2 {D02: 1 d4 d5 2 Nf3 sidelines, including 2...Nf6 3 g3 and 2...Nf6 3 Bf4} (5. b3 e6 6. Bb2 Bd6 7. Nbd2 f5 8. Ne5 Bxe2 9. Qxe2 Ngf6 10. f4 O-O 11. O-O Qe7 12. a4 Kh8 {1-0 (80) Laxman,R (2395)-Megaranto,S (2569) Singapore 2007}) 5... e6 6. O-O Bd6 7. c4 Ne7 8. e4 dxe4 $146 ({Predecessor:} 8... O-O 9. h3 Bh5 10. cxd5 cxd5 11. e5 Bc7 {0-1 (49) Guerra,J (1880)-Morais,V (1995) Lisbon 2013}) 9. Nxe4 Bc7 10. b3 O-O 11. Bb2 Ng6 12. Bc1 Re8 (12... Bxf3 $5 13. Bxf3 f5 $11) 13. h3 Bxf3 14. Bxf3 f5 15. Bg5 Qb8 16. Nc3 Bf4 17. Bxf4 Nxf4 18. Qd2 Qd6 19. Rad1 Rad8 20. g3 Ng6 $1 21. Bg2 f4 22. Ne4 Qf8 23. Qc3 e5 24. d5 cxd5 25. Rxd5 b6 26. Nd6 Re7 {[#]} 27. Rfd1 $1 Nf6 28. Nf5 Nxd5 29. Bxd5+ Kh8 30. Nxe7 Qxe7 31. Re1 fxg3 32. fxg3 Qc5+ 33. Qe3 Qd6 34. h4 Re8 35. Qe4 Nf8 $16 36. Rf1 Nd7 37. Bc6 Nc5 38. Qd5 Qxd5 39. cxd5 Rd8 40. Re1 Nd3 41. Re3 Nb4 1-0